000 00507nam a2200193 a 4500
001 1776331134640
003 YourLibrary
005 20260416145132.0
008 260416s2008##################000#0#eng##
020 _a9780230551589
082 0 4 _a361.610941
_bALC
100 1 _aAlcock, Pete,
_eauthor.
245 1 0 _aSocial Policy in Britain :
260 _bPalgrave MacMillan,
_c2008.
300 _a350 pages
650 0 _aPolitical Science.
942 _cENGLISH
040 _aYourLibrary
_beng
_cYourLibrary
999 _c619473
_d619473